[Event "IECG CP.2000.P.00023"]
[Site "IECG email"]
[Date "2000.10.01"]
[Round "?"]
[White "Schweigel, Peter"]
[Black "Calleros, Dardo"]
[Result "1/2-1/2"]
[WhiteElo "800"]
[BlackElo "1307"]
[PlyCount "96"]
[EventDate "2000.10.01"]
[EventType "tourn (corr)"]
[EventRounds "6"]
[EventCountry "USA"]
[SourceTitle "Corr 2008"]
[Source "ChessBase"]
[SourceDate "2008.06.24"]
[SourceVersion "1"]
[SourceVersionDate "2008.06.24"]
[SourceQuality "1"]

1. e4 c5 2. Nf3 d6 3. d4 cxd4 4. Nxd4 Nf6 5. Nc3 g6 6. Be3 Bg7 7. f3 Nc6 8. Qd2 0-0 9. Rd1 Nxd4 10. Bxd4 Be6 11. Bd3 Qa5 12. a3 Rfc8 13. 0-0 Bc4 14. Rfe1 e6 15. Qf2 b5 16. Ra1 Bxd3 17. cxd3 Rc7 18. a4 b4 19. Nb5 Rd7 20. Rec1 e5 21. Be3 d5 22. b3 d4 23. Bd2 Qb6 24. Bxb4 a6 25. Bc5 Qe6 26. Na3 Bh6 27. Nc4 Rc7 28. b4 Nd7 29. Re1 Nxc5 30. bxc5 Rxc5 31. Rab1 Rxc4 32. dxc4 Qxc4 33. Qh4 Be3+ 34. Kh1 Qxa4 35. Qf6 Qe8 36. Rb7 Qe6 37. Qxe6 fxe6 38. Reb1 h5 39. g3 a5 40. Kg2 g5 41. Re7 a4 42. Rbb7 a3 43. Rh7 h4 44. Rbg7+ Kf8 45. Rxg5 d3 46. Rh8+ Kf7 47. Rxa8 d2 48. Rgg8 d1Q 1/2-1/2